Ensayos críticos sobre la literatura europea
Guardat en:
| Autor principal: | |
|---|---|
| Format: | Llibre |
| Idioma: | espanyol |
| Publicat: |
Madrid
Visor
1989
|
| Col·lecció: | Literatura y debate crítico, 1
|
| Matèries: | |
| Etiquetes: |
Afegir etiqueta
Sense etiquetes, Sigues el primer a etiquetar aquest registre!
|
MARC
| LEADER | 00000nam a2200000 a 4500 | ||
|---|---|---|---|
| 001 | UCX7566 | ||
| 003 | CL-VaPUC | ||
| 008 | 931216e19890000SP |||||||||||||||||spa|d | ||
| 082 | 0 | 4 | |a 809.0914 |b CUR |2 21 |
| 100 | 0 | |a Curtius, Ernst Robert |e author |9 324449 | |
| 245 | 1 | 0 | |a Ensayos críticos sobre la literatura europea |
| 300 | |a 389 p | ||
| 942 | |c BK | ||
| 945 | |d 19931216 00:00:00 |a rbrito | ||
| 260 | |a Madrid |b Visor |c 1989 | ||
| 650 | 0 | |a Literatura europea |x Historia y crítica |9 322103 | |
| 583 | |a last modification |c 19931216 00:00:00 |k Rodrigo Vera | ||
| 490 | 0 | |a Literatura y debate crítico, 1 | |
| 999 | |c 227359 |d 227357 | ||
| 952 | |0 0 |1 0 |4 0 |6 809_091400000000000_CUR_1989 |7 0 |8 A |9 226315 |a BIBART |b BIBART |d 2019-11-15 |i 295396K |l 3 |m 4 |o 809.0914 CUR 1989 |p 295396K |r 2025-03-13 |s 2022-11-28 |w 2019-11-15 |y BK |k ART | ||